000 00386nam a2200157Ia 4500
001 R-154
003 CODICE-MESSINA
005 20260212102447.0
008 260211s9999 xx 000 0 und d
040 _cimportazione_messina
100 _aLino Curci
245 0 _aDiario 1953-1975 Con 20 Vpoesie In Appendice
245 0 _bPoesie
260 _bRusconi Editore
942 _2ddc
_cBK
999 _c26637
_d26637